Sistema web para el control de calidad de los transformadores eléctricos en la empresa gas electric s.a. en la ciudad de Rivas.
Desarrollar un sistema web para el control de calidad de los Transformadores Eléctricos en la Empresa GAS ELECTRIC S. A. del departamento de Rivas, que permitirá el manejo total de las inspecciones utilizadas por el departamento de Calidad, facilitando la elaboración de planes indicadores de las...
| Main Author: | |
|---|---|
| Other Authors: | |
| Format: | Tesis Section = Libro |
| Language: | Undetermined Spanish |
| Published: |
Managua
UNI
2023
|
| Subjects: |
| LEADER | 01365nam a2200265Ia 4500 | ||
|---|---|---|---|
| 008 | 240830s9999 xx 000 0 und d | ||
| 040 | |a BIBLIOTECA-RUSB/ Mon 005.74 R788 | ||
| 041 | |a spa | ||
| 082 | |a Mon 005.74 R788 | ||
| 100 | 1 | |a Rosales Machado, Jorge Luis | |
| 245 | 1 | 0 | |a Sistema web para el control de calidad de los transformadores eléctricos en la empresa gas electric s.a. en la ciudad de Rivas. |
| 260 | |a Managua |b UNI |c 2023 | ||
| 300 | |a 77p. :il. | ||
| 500 | |a Contiene: anexos y CD | ||
| 502 | |a Tesis (Ingeniero en computación) - UNI, 2023. | ||
| 520 | 3 | |a Desarrollar un sistema web para el control de calidad de los Transformadores Eléctricos en la Empresa GAS ELECTRIC S. A. del departamento de Rivas, que permitirá el manejo total de las inspecciones utilizadas por el departamento de Calidad, facilitando la elaboración de planes indicadores de las fallas, correcciones y tiempos de respuesta, almacenando los valores medidos en las respectivas pruebas, reporte de actividades diarias realizadas en los módulos desarrollados. | |
| 650 | 7 | |a 1, DESARROLLO DE SISTEMA WEB - GAS ELECTRIC S. A. | |
| 650 | 7 | |b DISEÑO DEL SISTEMA WEB | |
| 650 | 7 | |c BASES DE DATOS | |
| 650 | 7 | |d LENGUAJE PROGRAMACION PARA COMPUTADOR | |
| 650 | 7 | |e TECNOLOGIA DE LA INFORMACION | |
| 700 | 1 | |a Tutor: | |
| 942 | |c BK |2 ddc | ||
| 991 | |a TESIS | ||
| 999 | |c 27787 | ||